| 000 | 01232nas a2200349 4500 | ||
|---|---|---|---|
| 001 | BR0200604 | ||
| 003 | BR-BrBNA | ||
| 005 | 20231205102724.0 | ||
| 007 | ta | ||
| 008 | 230509b bl.|||p| |||| 00| 00por d | ||
| 040 |
_aBR-BrBNA _bpor _cBiblioteca Nacional de Agricultura |
||
| 041 | _a(Pt) | ||
| 072 | _aL53 | ||
| 100 | 1 | _aQuirino, C.R. | |
| 100 | 1 | _aSalvador, D.F. | |
| 100 | 1 | _aAndrade, V.J. | |
| 100 | 1 | _aVale Filho, V.J. | |
| 100 | 1 | _aRibeiro Filho, V.R. | |
| 100 | 1 | _aNogueira, A.L. | |
| 100 | 1 | _aSilva, L.A.G. | |
| 100 | 1 | _aGattass, A.C. | |
| 111 | 1 |
_a14. Congresso Brasileiro de Reprodução Animal _cBelo Horizonte, MG (Brazil) _d1-5 Aug 2001 |
|
| 245 | 1 | _aEficiência reprodutivas de fêmeas Nelore sincronizadas com o protocolo Crestar, acasaladas com touros previamente selecionados pela classificação andrológica por pontos (CAP)e libido | |
| 650 | _aGADO ZEBU | ||
| 650 | _aGADO NELORE | ||
| 650 | _aEFICIÊNCIA REPRODUTIVA | ||
| 650 | _aACASALAMENTO | ||
| 650 | _aSINCRONIZAÇÃO DO CIO | ||
| 773 | 0 |
_tRevista Brasileira de Reprodução Animal (Brazil) _xISSN 0102-0803 _g(Jul-Sep 2001), v. 25(3) p. 304-307 _wBR0200604 |
|
| 909 |
_a202311 _bLúcia _c55 _dLúcia Elande |
||
| 942 |
_2AGRIS _n0 _cANA |
||
| 999 |
_c168990 _d168990 |
||